Contribution a L'etude des colepteres Lamellicornes coprophages (Registro nro. 13353)

Detalles MARC
000 -CABECERA
Campo de control 004910000a22001210004500
090 ## - CLASIFICACIÓN LOCAL
Colección AR
Consecutivo 04256
041 0# - IDIOMA
Código de idioma para texto/pista de sonido o título separado
100 1# - ASIENTO PRINCIPAL--NOMBRE PERSONAL
Nombre personal Janssens, André
245 10 - MENCION DE TITULO
Título Contribution a L'etude des colepteres Lamellicornes coprophages
Version XIII. Table synoptique et essai de classification pratique des coleopteres Scarabaeidae
500 ## - NOTA GENERAL
Nota general <Literatura de escarabajos coprófagos>
773 1# - Item fuente:
Título Bulletin du Musée royal d'Histoire naturelle de Belgique
Descripción física 15
Paginas del Articulo 1-30
Lugar, editorial y fecha de publicación 1949
Información sobre la relación 25
942 ## - ELEMENTOS ADICIONALES (KOHA)
Tipo de ítem Artículo
Existencias
Withdrawn status Lost status Damaged status No para préstamo Colección Ubicación Permanente Ubicación actual Fecha de adquisición Fuente de Valor Datos de publicación Seriada Total Checkouts Número topográfico Inventario / Código de Barras Date last seen Ejemplar Price effective from Forma de adquisición Tipo de material
      No para Préstamo Hemeroteca Bogotá Bogotá 16/11/2006 Trujillo, Diego Fuera de circulación   AR 04256 023699 25/03/2015 1 25/03/2015   Artículo